| 000 | 01123nam a2200241Ia 4500 | ||
|---|---|---|---|
| 003 | OSt | ||
| 005 | 20250609121841.0 | ||
| 008 | 220926b |||||||| |||| 00| 0 eng d | ||
| 037 | _cReference Collections | ||
| 040 |
_aRTL _cRTL _beng |
||
| 041 |
_2eng _aeng |
||
| 084 |
_aB K4/SC _qRTL |
||
| 100 |
_aBeth, Evert W. _9371236 |
||
| 245 | 0 | _aFoundations of mathematics: A study in the philosophy of science | |
| 260 |
_aNew York _bHarper and Row _c1966 |
||
| 300 |
_axxviii, 741 p. _ccm. _bIncludes bibliographical references and index |
||
| 520 | _aVerified Purchase The title does not match very well with the contents. The book has not as its subject the "Foundations of Mathematics", but rather an history of the development of these Foundations from the early philosophical developments. The subtitle is somewhat more appropriate, but still deceiving: more than a Study the contents is an historical review. | ||
| 650 | _aMathematics | ||
| 650 |
_aPhilosophy - science _9812189 |
||
| 650 |
_aElementary mathematics _9812190 |
||
| 942 |
_hB, K4/SC _cREF _2CC _n0 |
||
| 999 |
_c691458 _d691458 |
||